UEFA Team of the Year 2010 - Statistics

General Stats
  • This quiz has been taken 108 times
  • The average score is 11 of 12
Answer Stats
Position Nationality Club Answer % Correct
ST Argentina Barcelona Lionel Messi
100%
RM Portugal Real Madrid Cristiano Ronaldo
99%
LM Spain Barcelona Andrés Iniesta
98%
CB Spain Barcelona Gerard Piqué
98%
GK Spain Real Madrid Iker Casillas
98%
CM Spain Barcelona Xavi
98%
ST Spain Valencia / Barcelona David Villa
96%
Manager Portugal Inter Milan / Real Madrid José Mourinho
96%
CB Spain Barcelona Carles Puyol
95%
LB England Chelsea Ashley Cole
92%
CM Netherlands Inter Milan Wesley Sneijder
84%
RB Brazil Inter Milan Maicon
71%
No matching quizzes found
Score Distribution
Percent of People with Each Score
Percentile by Number Answered
Your Score History
You have not taken this quiz